|
|
|
|
| LEADER |
00000naa2a2200000 4500 |
| 001 |
609473 |
| 005 |
20231101132547.0 |
| 035 |
|
|
|a (RuTPU)RU\TPU\conf\6956
|
| 035 |
|
|
|a RU\TPU\conf\640
|
| 090 |
|
|
|a 609473
|
| 100 |
|
|
|a 20141114d2014 k y0rusy50 ca
|
| 101 |
0 |
|
|a rus
|d eng
|
| 102 |
|
|
|a RU
|
| 105 |
|
|
|a y z 100zy
|
| 135 |
|
|
|a drgn ---uucaa
|
| 181 |
|
0 |
|a i
|
| 182 |
|
0 |
|a b
|
| 200 |
1 |
|
|a Имитационное моделирование роботизированного экзоскелета с ПИД-регулятором
|f И. И. Булуев, Е. А. Фёдоров
|
| 203 |
|
|
|a Текст
|c электронный
|
| 225 |
1 |
|
|a Информационная безопасность
|
| 230 |
|
|
|a 1 компьютерный файл (pdf; 498 Кб)
|
| 300 |
|
|
|a Заглавие с титульного листа.
|
| 320 |
|
|
|a [Библиогр.: с. 15 (1 назв.)]
|
| 330 |
|
|
|a Nowadays, we have a lot of innovations in the technical industries. In the process of our scientific project, we try to calculate PID-controller for modern medicine technologies. This development should be useful and demanded for building exoskeletons for people, who have problems with lower limbs.
|
| 337 |
|
|
|a Adobe Reader
|
| 463 |
|
1 |
|0 (RuTPU)RU\TPU\conf\6841
|t Технологии Microsoft в теории и практике программирования
|o сборник трудов XI Всероссийской научно-практической конференции студентов, аспирантов и молодых ученых, г.Томск, 23-24 апреля 2014 г.
|f Национальный исследовательский Томский политехнический университет (ТПУ), Институт кибернетики ; ред. кол. А. В. Лиепиньш и др.
|v [С. 13-15]
|d 2014
|
| 610 |
1 |
|
|a электронный ресурс
|
| 610 |
1 |
|
|a труды учёных ТПУ
|
| 610 |
1 |
|
|a имитационное моделирование
|
| 610 |
1 |
|
|a роботизированные экзоскелеты
|
| 610 |
1 |
|
|a экзоскелеты
|
| 610 |
1 |
|
|a ПИД-регуляторы
|
| 610 |
1 |
|
|a реабилитация
|
| 610 |
1 |
|
|a конечности
|
| 610 |
1 |
|
|a медицинские технологии
|
| 700 |
|
1 |
|a Булуев
|b И. И.
|
| 701 |
|
1 |
|a Фёдоров
|b Е. А.
|
| 801 |
|
2 |
|a RU
|b 63413507
|c 20141114
|g RCR
|
| 856 |
4 |
|
|u http://www.lib.tpu.ru/fulltext/c/2014/C28/002.pdf
|
| 942 |
|
|
|c BK
|